Ice Age Megafauna of North America - Statistics

General Stats
  • This quiz has been taken 85 times
    65 since last reset
  • The average score is 12 of 49
Answer Stats
Picture Answer % Correct
Woolly Mammoth
86%
Smilodon
80%
American Mastodon
78%
Short-Faced Bear
68%
American Lion
62%
Western Horse
62%
Yukon Horse
62%
Glyptodon
60%
Dire Wolf
52%
American Cheetah
48%
Stockoceros
46%
Camelops
42%
Homotherium
40%
Giant Beaver
38%
Columbian Mammoth
36%
Saiga Antelope
32%
Floridan Spectacled Bear
24%
Jefferson Ground Sloth
24%
Steppe Bison
24%
Arctotherium
20%
North American Capybara
20%
Californian Tapir
16%
Stag-Moose
16%
Mixotoxodon
14%
Shasta Ground Sloth
14%
Cuvieronius
12%
Glyptotherium
12%
Bootherium
10%
Eremotherium
10%
Glossotherium
8%
Shrub-Ox
8%
Paramylodon
6%
Pygmy Mammoth
6%
Megalocnus
4%
Neocnus
4%
Stilt-Legged Horse
4%
American Mountain Deer
2%
Flat headed Peccary
2%
Holmesina
2%
Long Nosed Peccary
2%
Paleollama
2%
Stilt-Legged Llama
2%
Tetrameryx
2%
Toronto Subway Deer
2%
Habanocnus
0%
Hagerman Horse
0%
Hespertestudo
0%
Scott's Horse
0%
Soergelia
0%
No matching quizzes found
Score Distribution
Percent of People with Each Score
Percentile by Number Answered
Your Score History
You have not taken this quiz since the last reset